书目信息 |
| 题名: |
日本文明
|
|
| 作者: | 叶渭渠 主编 | |
| 分册: | ||
| 出版信息: | 北京 中国社会科学出版社 1999.10 |
|
| 页数: | 394页 | |
| 开本: | 32开 | |
| 丛书名: | ||
| 单 册: | ||
| 中图分类: | K313.0 | |
| 科图分类: | ||
| 主题词: | 东亚--历史 | |
| 电子资源: | ||
| ISBN: | 7-5004-2409-4 | |
| 000 | 00497nam0 2200181 45 | |
| 001 | 0008020859 | |
| 005 | 20081029164043.81 | |
| 010 | @a7-5004-2409-4@d26.00元 | |
| 100 | @a20000802d1999 km y0chiy0120 ea | |
| 101 | 0 | @achi |
| 200 | 1 | @a日本文明@ARi Ben Wen Ming@f叶渭渠主编@FYe Wei Qu Zhu Bian |
| 210 | @a北京@c中国社会科学出版社@d1999.10 | |
| 215 | @a394页@d32开 | |
| 606 | 0 | @a东亚@x历史 |
| 690 | @aK313.0@v3 | |
| 701 | 0 | @a叶渭渠@4主编 |
| 801 | @aCN@c20081029 | |
| 905 | @b84189-193@dK313.0@eY693@f5 | |
| 日本文明/叶渭渠主编.-北京:中国社会科学出版社,1999.10 |
| 394页;32开 |
| ISBN 7-5004-2409-4:26.00元 |
| ● |
| 相关链接 |
|
|
|
正题名:日本文明
索取号:K313.0/Y693
 
预约/预借
| 序号 | 登录号 | 条形码 | 馆藏地/架位号 | 状态 | 备注 |
| 1 | 460302 | 204603027 | 社科库309/309社科库 39排5列6层/ [索取号:K313.0/Y693] | 在馆 | |
| 2 | 84189 | 200841893 | 社科库309/ [索取号:K313.0/Y693] | 在馆 | |
| 3 | 84190 | 200841900 | 社科库309/ [索取号:K313.0/Y693] | 在馆 | |
| 4 | 84191 | 200841919 | 社科库309/309社科库 39排5列6层/ [索取号:K313.0/Y693] | 在馆 | |
| 5 | 84192 | 200841928 | 社科库309/309社科库 39排5列6层/ [索取号:K313.0/Y693] | 在馆 | |
| 6 | 84193 | 200841937 | 社科库309/ [索取号:K313.0/Y693] | 在馆 |